Hydrodynamics (Record no. 3977)

MARC details
000 -LEADER
fixed length control field 00656nam a2200229Ia 4500
003 - CONTROL NUMBER IDENTIFIER
control field IN-BaIIA
008 - FIXED-LENGTH DATA ELEMENTS--GENERAL INFORMATION
fixed length control field 211028s9999 xx 000 0 eng d
020 ## - INTERNATIONAL STANDARD BOOK NUMBER
International Standard Book Number 0-486-60303-2
040 ## - CATALOGING SOURCE
Transcribing agency IIA Library
080 ## - UNIVERSAL DECIMAL CLASSIFICATION NUMBER
Universal Decimal Classification number 532.5
Item number DRY
100 ## - MAIN ENTRY--PERSONAL NAME
Personal name Dryden, Hugh L
9 (RLIN) 7045
245 #0 - TITLE STATEMENT
Title Hydrodynamics
Statement of responsibility, etc. Hugh L. Dryden, F. P. Murnaghan and H. Bateman
260 ## - PUBLICATION, DISTRIBUTION, ETC.
Place of publication, distribution, etc. New York
Name of publisher, distributor, etc. Dover Publications
Date of publication, distribution, etc. 1956
300 ## - PHYSICAL DESCRIPTION
Extent 634p.
650 ## - SUBJECT ADDED ENTRY--TOPICAL TERM
Topical term or geographic name entry element Astronomy and astrophysics thesaurus
650 ## - SUBJECT ADDED ENTRY--TOPICAL TERM
Topical term or geographic name entry element Fluid dynamics
9 (RLIN) 1512
650 ## - SUBJECT ADDED ENTRY--TOPICAL TERM
Topical term or geographic name entry element Fluid mechanics
9 (RLIN) 1513
650 ## - SUBJECT ADDED ENTRY--TOPICAL TERM
Topical term or geographic name entry element Hydrodynamics
9 (RLIN) 1514
700 ## - ADDED ENTRY--PERSONAL NAME
Personal name Bateman, H.
9 (RLIN) 1625
700 ## - ADDED ENTRY--PERSONAL NAME
Personal name Murnaghan, F. D.
9 (RLIN) 7046
942 ## - ADDED ENTRY ELEMENTS (KOHA)
Koha item type Books
Holdings
Withdrawn status Lost status Damaged status Not for loan Home library Current library Shelving location Date acquired Cost, normal purchase price Total Checkouts Full call number Barcode Date last seen Cost, replacement price Price effective from Koha item type Purchase Price
        IIA Library-Bangalore IIA Library-Bangalore General Stacks 10/08/1972 27.00   532.5/ DRY 4439 05/11/2021 27.00 10/08/1972 Books Rs. 27.00

Powered by Koha